[Event "DEN-ch Seniors"]
[Site "Skorping"]
[Date "2017.04.14"]
[Round "2"]
[White "Rasmussen, Jens"]
[Black "Jorgensen, Jens AL"]
[Result "1-0"]
[WhiteElo "1772"]
[BlackElo "1349"]
[PlyCount "55"]
[EventDate "2017.04.13"]
[EventType "swiss"]
[EventRounds "5"]
[EventCountry "DEN"]
[SourceTitle "EXT 2023"]
[Source "ChessBase"]
[SourceDate "2022.10.05"]
[SourceVersion "1"]
[SourceVersionDate "2022.10.05"]
[SourceQuality "1"]

1. e4 e5 2. Bc4 Bc5 3. Nf3 Nc6 4. 0-0 Nf6 5. d3 h6 6. Nc3 a6 7. a3 0-0 8. b4 Ba7 9. Bb2 d6 10. h3 Ne7 11. d4 exd4 12. Nxd4 b5 13. Be2 Bb7 14. Bf3 Nh7 15. Nf5 Nxf5 16. exf5 Bxf3 17. Qxf3 Qd7 18. Ne4 f6 19. Rad1 Rae8 20. h4 Re7 21. Nc5 Qc8 22. Ne6 Rxe6 23. fxe6 Qxe6 24. Rfe1 Qd7 25. Qd5+ Kh8 26. Re6 Re8 27. Rde1 Rxe6 28. Qa8+ 1-0

[Event "DEN-ch Seniors"]
[Site "Skorping"]
[Date "2017.04.13"]
[Round "1"]
[White "Jorgensen, Jens AL"]
[Black "Laursen, Bjorn"]
[Result "0-1"]
[WhiteElo "1349"]
[BlackElo "1820"]
[PlyCount "56"]
[EventDate "2017.04.13"]
[EventType "swiss"]
[EventRounds "5"]
[EventCountry "DEN"]
[SourceTitle "EXT 2023"]
[Source "ChessBase"]
[SourceDate "2022.10.05"]
[SourceVersion "1"]
[SourceVersionDate "2022.10.05"]
[SourceQuality "1"]

1. e4 e5 2. Nf3 Nf6 3. Nc3 Bb4 4. d3 d5 5. exd5 Nxd5 6. Bd2 Nxc3 7. bxc3 Bd6 8. d4 e4 9. Ng5 Bf5 10. Bc4 Bg6 11. 0-0 h6 12. Nh3 Qh4 13. Qe2 0-0 14. f3 Re8 15. Be3 Nd7 16. Qf2 Qxf2+ 17. Kxf2 exf3 18. gxf3 Bf5 19. Nf4 Rxe3 20. Bd3 Bxd3 21. Nxd3 Re7 22. f4 Rae8 23. Ne5 Bxe5 24. fxe5 f6 25. exf6 Nxf6 26. c4 Re2+ 27. Kf3 g5 28. Kg3 R8e3+ 0-1

[Event "Politiken Cup 33rd"]
[Site "Helsingor"]
[Date "2011.08.07"]
[Round "10"]
[White "Jorgensen, Jens AL"]
[Black "Wallin, Kenneth"]
[Result "1-0"]
[WhiteElo "1264"]
[BlackElo "1710"]
[PlyCount "111"]
[EventDate "2011.07.30"]
[EventType "swiss"]
[EventRounds "10"]
[EventCountry "DEN"]
[SourceTitle "CBM 143 Extra"]
[Source "ChessBase"]
[SourceDate "2011.08.29"]
[SourceVersion "1"]
[SourceVersionDate "2011.08.29"]
[SourceQuality "1"]

1. e4 c5 2. Bc4 d6 3. h3 Nf6 4. Nc3 Nc6 5. Nf3 g6 6. 0-0 Bg7 7. a3 a6 8. Re1 Nd7 9. Ng5 Nde5 10. Ba2 h6 11. Nf3 0-0 12. Nxe5 Bxe5 13. Ne2 g5 14. c3 Bg7 15. Ng3 Be6 16. b3 Qd7 17. Kh2 Be5 18. Qh5 Kh7 19. d4 Bxg3+ 20. fxg3 f6 21. Qe2 cxd4 22. cxd4 Nxd4 23. Qd3 Nc6 24. Bb2 Rad8 25. Rad1 Kh8 26. Bb1 Rf7 27. e5 fxe5 28. Qg6 Bxb3 29. Rxe5 Nxe5 30. Bxe5+ dxe5 31. Rxd7 Rxd7 32. Qxh6+ Kg8 33. Qxg5+ Kf8 34. Qxe5 Rf6 35. h4 Rd2 36. Qb8+ Kf7 37. Be4 Re2 38. Qxb7 Bc4 39. Bd5+ Bxd5 40. Qxd5+ Kg7 41. h5 Rfe6 42. Qg5+ Kh7 43. g4 R2e5 44. Qf4 Kg7 45. g5 Re4 46. Qf5 R6e5 47. h6+ Kg8 48. Qg6+ Kf8 49. Qg7+ Ke8 50. Kh3 Re3+ 51. g3 Ra5 52. h7 Raxa3 53. h8Q+ Kd7 54. Qd4+ Kc7 55. Qhd8+ Kc6 56. Q8d5+ 1-0

[Event "Politiken Cup 33rd"]
[Site "Helsingor"]
[Date "2011.08.05"]
[Round "8"]
[White "Jorgensen, Jens AL"]
[Black "Brobakken, Jorgen"]
[Result "1-0"]
[WhiteElo "1264"]
[BlackElo "1000"]
[PlyCount "53"]
[EventDate "2011.07.30"]
[EventType "swiss"]
[EventRounds "10"]
[EventCountry "DEN"]
[SourceTitle "CBM 143 Extra"]
[Source "ChessBase"]
[SourceDate "2011.08.29"]
[SourceVersion "1"]
[SourceVersionDate "2011.08.29"]
[SourceQuality "1"]

1. e4 e6 2. Nf3 d5 3. exd5 exd5 4. d4 Nf6 5. c4 c6 6. Nc3 Be6 7. c5 Be7 8. Bd3 0-0 9. 0-0 Nbd7 10. b4 b6 11. Rb1 bxc5 12. bxc5 Qa5 13. Qc2 Qc7 14. Be3 Bg4 15. Be2 Bxf3 16. Bxf3 Rab8 17. g3 Rxb1 18. Rxb1 Rb8 19. Bf4 Rxb1+ 20. Qxb1 Qa5 21. Qc2 h6 22. Bd2 Qb4 23. Nxd5 Qxd4 24. Nxe7+ Kf8 25. Nxc6 Qxc5 26. Bb4 Qxb4 27. Nxb4 1-0

[Event "Politiken Cup 33rd"]
[Site "Helsingor"]
[Date "2011.08.01"]
[Round "4"]
[White "Hjornevik, Oyvind"]
[Black "Jorgensen, Jens AL"]
[Result "0-1"]
[WhiteElo "1000"]
[BlackElo "1264"]
[PlyCount "76"]
[EventDate "2011.07.30"]
[EventType "swiss"]
[EventRounds "10"]
[EventCountry "DEN"]
[SourceTitle "CBM 143 Extra"]
[Source "ChessBase"]
[SourceDate "2011.08.29"]
[SourceVersion "1"]
[SourceVersionDate "2011.08.29"]
[SourceQuality "1"]

1. e4 e6 2. Nf3 b6 3. Nc3 Bb7 4. Bc4 h6 5. d3 Nf6 6. Bf4 a6 7. 0-0 Be7 8. d4 d5 9. exd5 exd5 10. Bd3 0-0 11. Ne2 Nbd7 12. c3 c5 13. b3 Rc8 14. Bb1 c4 15. b4 Re8 16. h3 Nh5 17. Qc2 Ndf6 18. Be5 g6 19. g4 Ng7 20. Ng3 Qd7 21. Nh2 Rc6 22. h4 Nxg4 23. f3 Ne3 24. Qe2 Nxf1 25. Kxf1 Bxh4 26. Qc2 Bxg3 27. Bxg3 Nf5 28. Kf2 Rce6 29. Be5 f6 30. Ng4 fxe5 31. dxe5 Qe7 32. Nf6+ Rxf6 33. exf6 Qe3+ 34. Kg2 Nh4+ 35. Kh3 Qg5 36. f4 Re3+ 37. Kh2 Qg3+ 38. Kh1 Re1# 0-1

[Event "Politiken Cup 33rd"]
[Site "Helsingor"]
[Date "2011.07.31"]
[Round "2"]
[White "Hoel, Jorgen"]
[Black "Jorgensen, Jens AL"]
[Result "1-0"]
[WhiteElo "1851"]
[BlackElo "1264"]
[PlyCount "69"]
[EventDate "2011.07.30"]
[EventType "swiss"]
[EventRounds "10"]
[EventCountry "DEN"]
[SourceTitle "CBM 143 Extra"]
[Source "ChessBase"]
[SourceDate "2011.08.29"]
[SourceVersion "1"]
[SourceVersionDate "2011.08.29"]
[SourceQuality "1"]

1. d4 e6 2. Nf3 b6 3. e3 Bb7 4. Bd3 d5 5. 0-0 Nd7 6. b3 g6 7. Bb2 Bg7 8. Nbd2 Rc8 9. c4 Ngf6 10. Re1 0-0 11. e4 dxe4 12. Nxe4 Nxe4 13. Bxe4 Bxe4 14. Rxe4 c5 15. Qc2 Re8 16. Rd1 Qe7 17. d5 e5 18. Re2 f6 19. Rde1 Qd6 20. h4 f5 21. h5 Nf6 22. Bxe5 Rxe5 23. Nxe5 Ne4 24. Nc6 Rc7 25. f3 Nf6 26. Re6 Qg3 27. hxg6 hxg6 28. Qf2 Qg5 29. f4 Qh5 30. Qg3 Ng4 31. Ne5 Bxe5 32. fxe5 g5 33. Qh3 Qf7 34. Rf1 Rc8 35. Rf6 1-0

[Event "Politiken Cup 33rd"]
[Site "Helsingor"]
[Date "2011.07.31"]
[Round "3"]
[White "Jorgensen, Jens AL"]
[Black "Jorgensen, Morten"]
[Result "0-1"]
[WhiteElo "1264"]
[BlackElo "1727"]
[PlyCount "72"]
[EventDate "2011.07.30"]
[EventType "swiss"]
[EventRounds "10"]
[EventCountry "DEN"]
[SourceTitle "CBM 143 Extra"]
[Source "ChessBase"]
[SourceDate "2011.08.29"]
[SourceVersion "1"]
[SourceVersionDate "2011.08.29"]
[SourceQuality "1"]

1. e4 c5 2. Nf3 d6 3. h3 Nf6 4. Nc3 e6 5. a3 Be7 6. d4 cxd4 7. Nxd4 a6 8. Bc4 Bd7 9. Nf3 Qc7 10. Bb3 0-0 11. 0-0 Nc6 12. Re1 Rac8 13. Bf4 e5 14. Bg5 Be6 15. Bxf6 Bxf6 16. Nd5 Bxd5 17. exd5 Na5 18. Rc1 Nc4 19. Bxc4 Qxc4 20. Nh2 Bg5 21. b3 Qc5 22. b4 Qc7 23. Qg4 Bxc1 24. Rxc1 f5 25. Qh4 Qf7 26. c4 b5 27. Nf3 h6 28. Nd2 bxc4 29. Rxc4 Qxd5 30. Rxc8 Rxc8 31. Nf3 Qf7 32. g4 fxg4 33. Qxg4 Rf8 34. Nh2 Qxf2+ 35. Kh1 Qe1+ 36. Kg2 Rf2+ 0-1